Music Quiz

Random Music or Clickable Quiz

1980s Songs Meeting in the Middle Quiz Stats

 Plays Quiz not verified by Sporcle

Score 0/32 Timer 05:00
1 Play Today
% Correct
Bites
97.9%
Dead
97.8%
Child
97.5%
Breath
97.4%
Sugar
97.4%
Built
97%
Done
97%
Tear
96.9%
Lips
96.8%
Eclipse
96.8%
Drives
96.7%
Raining
96.4%
Home
96.4%
Air
96.3%
Mind
96.3%
Lonely
96.2%
% Correct
Fun
96%
Hear
95.9%
Friends
95.9%
Draggin'
95.7%
Doves
95.4%
Shook
95.3%
Streets
95.1%
Leads
94.3%
Watching
94.2%
Davis
94.1%
Sleep
93.8%
Dressed
93.7%
New
93.1%
Dream
92.7%
Blinded
92.7%
Soon
92%

You're not logged in!

Compare scores with friends on all Sporcle quizzes.
OR
Log In

Show Comments

Extras

Top Quizzes Today


Score Distribution

Your Account Isn't Verified!

In order to create a playlist on Sporcle, you need to verify the email address you used during registration. Go to your Sporcle Settings to finish the process.

Report this User

Report this user for behavior that violates our Community Guidelines.

Details: